Charles-Quint et Marguerite d'Autriche (Record no. 156522)

MARC details
000 -LEADER
campo de control de longitud fija 00674nam a22001815i 4500
001 - NÚMERO DE CONTROL
campo de control 156522
003 - IDENTIFICADOR DE NÚMERO DE CONTROL
campo de control ES-MaACL
005 - FECHA Y HORA DE LA ÚLTIMA TRANSACCIÓN
campo de control 20250805062426.0
008 - DATOS DE LONGITUD FIJA--INFORMACIÓN GENERAL
campo de control de longitud fija 991027s1858 be |||| | fre d
040 ## - FUENTE DE CATALOGACIÓN
Centro catalogador/agencia de origen CAM
Lengua de catalogación spa
Centro/agencia transcriptor CAM
100 1# - ENTRADA PRINCIPAL--NOMBRE DE PERSONA
Nombre de persona Juste, Théodore.
9 (RLIN) 128411
245 10 - MENCIÓN DEL TÍTULO
Título Charles-Quint et Marguerite d'Autriche
Resto del título : étude sur la minorité, l'émancipation et l'avénement de Charles quint a l'Empire: 1477-1521 /
Mención de responsabilidad, etc. par Théodore Juste.
260 ## - PUBLICACIÓN, DISTRIBUCIÓN, ETC.
Lugar de publicación, distribución, etc. Bruxelles et Leipzig :
Nombre del editor, distribuidor, etc. C. Muquardt,
Fecha de publicación, distribución, etc. 1858.
300 ## - DESCRIPCIÓN FÍSICA
Extensión IX, 173 p. ;
Dimensiones 21 cm.
600 04 - PUNTO DE ACCESO ADICIONAL DE MATERIA--NOMBRE DE PERSONA
Nombre de persona Carlos
Numeración I,
Títulos y otros términos asociados al nombre Rey de España
9 (RLIN) 35296
852 ## - LOCALIZACIÓN
Ubicación ES-MaACL
Número de control de estantería G-7909
Nota libre -- Enc. hol.
Holdings
Estatus retirado Estado de pérdida Estado de daño No para préstamo Colección Biblioteca de origen Biblioteca actual Ubicación en estantería Fecha de adquisición Fuente de adquisición Total de préstamos Signatura topográfica completa Código de barras Visto por última vez Precio de reemplazo Tipo de ítem Koha
        Libros del s. XIX Biblioteca del Ateneo de Madrid Biblioteca del Ateneo de Madrid Sala Pecera Planta 3 17/01/2008     G-7909 1163758 23/02/2023 23/02/2023 Libro impreso antiguo